000 01076nam a2200253 a 4500
001 85444
003 BD-RjUL
005 20250804173943.0
008 250804s2024 bg a|||| m||| 00| 0 eng d
035 _a(BD-RjUL)85444
040 _aBD-RjUL
_beng
_cBD-RjUL
_dBD-RjUL
041 _aeng
082 _223
_a332.1095492
_bALS 2024
100 _aAlam, Md. Ashraful
_91562
245 1 0 _aStatus of green financing and its impact on bank profitability in Bangladesh /
_cSubmitted By Md. Ashraful Alam ;
_6Principal Supervisor : Syed, Zabid Hossain, Co-Supervisor : S. M. Shafiuzzaman
260 _aRajshahi :
_bInstitute of Environmental Science, (IES), University of Rajshahi,
_c2024
300 _axii, 94 leaves :
_bill, ;
_c29.cm.
502 _aThesis (M.Phil.) -- Institute of Environmental Science, (IES), University of Rajshahi, 2024
504 _aReferences : Leaves 83 - 89
650 _aBanks
_vGreen financing
_zBangladesh
_916472
700 _aHossain, Syed, Zabid, Principal Supervisor
_913730
700 _aShafiuzzaman, S. M. Co-Supervisor
_913928
942 _2ddc
_cTHE
999 _c85444
_d85444